Bamboo research in Asia : proceedings of a workshop held in Singapore, 28-30 may 1980 /

Guardado en:
Autor Principal: Lessard, Gilles.
Autor Corporativo: International Development Research Centre.
Otros Autores: Chouinard, Amy.
Formato: Libro
Idioma:English
Publicado: Ottawa : IDRC, 1980.
Acceso en línea:Texto completo
Etiquetas: Agregar Etiqueta
Sin Etiquetas, Sea el primero en etiquetar este registro!
LEADER 00722nam a22001935a 4500
001 EEA.libagro005409
005 20180629103653.0
008 130809s1980####xxca##########000#0#eng#d
020 |a 088936267X 
082 0 4 |a 633.58095 
082 0 4 |a 584.93 
100 1 |a Lessard, Gilles. 
245 1 0 |a Bamboo research in Asia :  |b proceedings of a workshop held in Singapore, 28-30 may 1980 /  |c Gilles Lessard, Amy Chouinard. 
260 |a Ottawa :  |b IDRC,  |c 1980. 
300 |a 228 p. :  |b il. ;  |c 25 cm. 
700 1 |a Chouinard, Amy. 
710 2 |a International Development Research Centre. 
856 |u https://idl-bnc.idrc.ca/dspace/bitstream/10625/5559/1/IDL-5559.pdf  |3 Texto completo 
859 |a AR-BbBCA  |b BIB. AGRONOMIA  |h 633.58095  |i L638  |p 1996/2723